| 000 | 00453cam a22001572a 4500 | ||
|---|---|---|---|
| 001 | 000188 | ||
| 003 | AR-FADEU | ||
| 008 | 311216n18-1####xxu####################dd | ||
| 100 | _aCastro, Fidel | ||
| 245 | _aHacia una gran patria comĂșn : Primer cumbre iberoamericana | ||
| 260 | _bPolĂtica | ||
| 260 | _aLa Habana | ||
| 260 | _c18-19 julio 1991 | ||
| 650 | _aFIDEL CASTRO; CUBA 1991; DECLARACION DE GUADALAJARA; DISCURSO-MENSAJE | ||
| 942 | _cFOLLETO | ||
| 999 |
_c1029 _d1029 |
||